000 00289nam a22001337a 4500
008 181207b xxu||||| |||| 00| 0 eng d
020 _a0691003300
041 _aeng
080 _a721
100 _a45
101 _aARK
245 _aThe Tao Of Architecture
_cAmos.ch
942 _2udc
_cBK
999 _c53092
_d53092